[Event "Plzen, JF C"]
[Site "?"]
[Date "1999.??.??"]
[Round "8.6"]
[White "Chrz, P."]
[Black "Cech, P."]
[Result "1/2-1/2"]
[WhiteElo "2121"]
[BlackElo "2356"]
[PlyCount "72"]
[EventDate "1999.??.??"]
[Source "ChessBase"]
[SourceDate "1996.11.15"]

1. e4 e6 2. d4 d5 3. Nd2 Nf6 4. e5 Nfd7 5. f4 c5 6. c3 Nc6 7. Ndf3 Qb6 8. g3
cxd4 9. cxd4 Bb4+ 10. Kf2 g5 11. fxg5 Ndxe5 12. Nxe5 Nxe5 13. Kg2 Nc6 14. Nf3
Bf8 15. b3 Bg7 16. Bb2 Bd7 17. Qd2 O-O-O 18. Rc1 h6 19. b4 hxg5 20. b5 g4 21.
Ne5 Bh6 22. Qc2 Bxc1 23. Qxc1 Qc7 24. bxc6 Bxc6 25. Qd2 Kb8 26. Be2 f5 27. Bc1
Rc8 28. Qb2 Ka8 29. Bf4 Qa5 30. Rb1 Qa4 31. Rc1 Bd7 32. Rb1 Bc6 33. Bd1 Qa6 34.
Rc1 Bb5 35. Rb1 Bc6 36. Be2 Qa4 1/2-1/2

[Event "Plzen, JF C"]
[Site "?"]
[Date "1999.??.??"]
[Round "8.7"]
[White "Michalek, J."]
[Black "Brazdil, R."]
[Result "1-0"]
[WhiteElo "2330"]
[BlackElo "2183"]
[PlyCount "85"]
[EventDate "1999.??.??"]
[Source "ChessBase"]
[SourceDate "1996.11.15"]

1. Nf3 Nf6 2. g3 g6 3. Bg2 Bg7 4. O-O O-O 5. d3 d6 6. e4 e5 7. c3 Bd7 8. Nbd2
Qc8 9. d4 Nc6 10. dxe5 dxe5 11. Re1 Bg4 12. Qc2 h6 13. Nc4 Qe6 14. Ne3 Bh3 15.
Bh1 Ne7 16. a4 c6 17. b3 Ng4 18. Nxg4 Bxg4 19. Nd2 Qd7 20. Nc4 Be6 21. Rd1 Qc7
22. Ba3 Bxc4 23. Bd6 Qd7 24. bxc4 Qe6 25. c5 Rfd8 26. Bg2 Rd7 27. h4 Nc8 28.
Kh2 Nxd6 29. Bh3 f5 30. cxd6 Rf8 31. h5 Rxd6 32. hxg6 Qxg6 33. Bxf5 Qh5+ 34.
Kg2 Rxd1 35. Rxd1 Kh8 36. Rd7 Rb8 37. Qd3 Qe8 38. Qd6 a5 39. Re7 Qf8 40. Qg6
Qg8 41. Be6 Qf8 42. Bf5 Qg8 43. g4 1-0

[Event "Plzen, JF C"]
[Site "?"]
[Date "1999.??.??"]
[Round "8.8"]
[White "Novacek, K."]
[Black "Jirka, J."]
[Result "1-0"]
[WhiteElo "2102"]
[BlackElo "2173"]
[PlyCount "67"]
[EventDate "1999.??.??"]
[Source "ChessBase"]
[SourceDate "1996.11.15"]

1. e4 e5 2. Nf3 Nc6 3. Bc4 Nf6 4. Ng5 d5 5. exd5 Nd4 6. c3 b5 7. Bf1 Nxd5 8.
Ne4 Qh4 9. Ng3 Bg4 10. f3 e4 11. cxd4 Bd6 12. Bxb5+ Kd8 13. O-O exf3 14. Rxf3
Nb4 15. a3 Rb8 16. Nc3 Bxf3 17. Qxf3 Nc2 18. Ba4 Nxa1 19. Qxf7 Qxd4+ 20. Kh1
Bxg3 21. hxg3 Rb7 22. Bc6 Qd6 23. Bxb7 Qh6+ 24. Kg1 Qb6+ 25. d4 Qxb7 26. Nd5
Kc8 27. Bf4 Nc2 28. Bxc7 Nxd4 29. Ne7+ Kxc7 30. Qf4+ Kd7 31. Qxd4+ Kxe7 32.
Qxg7+ Kd6 33. Qxb7 Rd8 34. Qxa7 1-0

[Event "Plzen, JF C"]
[Site "?"]
[Date "1999.??.??"]
[Round "8.9"]
[White "Orsag, M."]
[Black "Hlavnicka, J."]
[Result "1/2-1/2"]
[WhiteElo "2185"]
[BlackElo "2239"]
[PlyCount "97"]
[EventDate "1999.??.??"]
[Source "ChessBase"]
[SourceDate "1996.11.15"]

1. e4 e5 2. Nf3 d6 3. Bc4 Be7 4. c3 Nf6 5. d3 c6 6. O-O O-O 7. Bb3 Nbd7 8. Re1
Nc5 9. Bc2 Bg4 10. h3 Bh5 11. Nbd2 Ne6 12. Nf1 Ne8 13. Ng3 Bxf3 14. Qxf3 Bg5
15. Bxg5 Qxg5 16. Rad1 Qf4 17. Qxf4 Nxf4 18. d4 Nf6 19. Rd2 g6 20. Red1 Rfe8
21. dxe5 dxe5 22. Bb3 Kf8 23. f3 Ke7 24. Nf1 Ne6 25. Bxe6 fxe6 26. Ne3 b5 27.
Kf2 Red8 28. Kg3 Rxd2 29. Rxd2 a5 30. a4 Rb8 31. axb5 cxb5 32. Rd1 a4 33. Nc2
Rc8 34. Kf2 Nd7 35. Ne3 a3 36. bxa3 Rxc3 37. Rb1 Rc5 38. Ke2 Nb6 39. Kd2 Kd6
40. Ra1 Na4 41. Rb1 Kc6 42. Rb3 h5 43. h4 Kb6 44. Rd3 Kc7 45. g4 Rc6 46. Rb3
Kb6 47. Nf1 Nc5 48. Re3 Rc7 49. Ng3 1/2-1/2

[Event "Plzen, JF C"]
[Site "?"]
[Date "1999.??.??"]
[Round "8.10"]
[White "Miskovsky, P."]
[Black "Eretova, J."]
[Result "0-1"]
[WhiteElo "2232"]
[BlackElo "2177"]
[PlyCount "46"]
[EventDate "1999.??.??"]
[Source "ChessBase"]
[SourceDate "1996.11.15"]

1. Nf3 c5 2. e4 e6 3. d4 cxd4 4. Nxd4 Nf6 5. Bd3 Nc6 6. Nxc6 bxc6 7. O-O Qc7 8.
c4 h5 9. Qe2 Ng4 10. g3 Bc5 11. Bf4 e5 12. Bd2 Qd6 13. Bc2 Qg6 14. Bd1 d6 15.
Qd3 h4 16. Bxg4 Bxg4 17. Be3 Qh5 18. Bxc5 dxc5 19. f4 Be2 20. Qd6 Rc8 21. Re1
hxg3 22. h3 Qxh3 23. Qxe5+ Kf8 0-1

[Event "Plzen, JF C"]
[Site "?"]
[Date "1999.??.??"]
[Round "8.11"]
[White "Matejka, P."]
[Black "Hrbolka, L jr"]
[Result "1-0"]
[WhiteElo "2083"]
[BlackElo "2099"]
[PlyCount "43"]
[EventDate "1999.??.??"]
[Source "ChessBase"]
[SourceDate "1996.11.15"]

1. d4 Nf6 2. c4 e5 3. dxe5 Ng4 4. Nf3 Bc5 5. e3 Nc6 6. Be2 O-O 7. Nc3 Re8 8.
O-O Ngxe5 9. Nxe5 Nxe5 10. b3 a5 11. Bb2 Ra6 12. Ne4 Bf8 13. Qd5 Rae6 14. f4 c6
15. Qd1 Ng6 16. Ng5 Rxe3 17. Bd3 Bc5 18. Kh1 d6 19. Qh5 h6 20. Nxf7 Qe7 21.
Nxh6+ gxh6 22. Qxg6+ 1-0

[Event "Plzen, JF C"]
[Site "?"]
[Date "1999.??.??"]
[Round "8.12"]
[White "Papay, J."]
[Black "Neuman, P."]
[Result "0-1"]
[WhiteElo "2044"]
[BlackElo "2384"]
[PlyCount "74"]
[EventDate "1999.??.??"]
[Source "ChessBase"]
[SourceDate "1996.11.15"]

1. e4 c5 2. Nf3 e6 3. d4 cxd4 4. Nxd4 Nf6 5. Nc3 d6 6. Bg5 h6 7. Bh4 Be7 8.
Bb5+ Bd7 9. O-O a6 10. Bxd7+ Nbxd7 11. Bg3 O-O 12. Nb3 Qc7 13. Qe2 b5 14. a3
Ne5 15. Bxe5 dxe5 16. h4 h5 17. f3 g6 18. Kh1 Nd7 19. Qf2 Nb6 20. Nd1 f5 21.
Qg3 Kh7 22. c3 Nc4 23. Qe1 f4 24. Kh2 Qd8 25. Kh3 Rg8 26. g4 hxg4+ 27. Kxg4 Kg7
28. Rh1 Rh8 29. h5 Rxh5 30. Rxh5 gxh5+ 31. Kh3 Qd3 32. Kg2 Qc2+ 33. Nf2 Qxb2
34. Qh1 Ne3+ 35. Kg1 Kh6 36. Ng4+ Nxg4 37. fxg4 h4 0-1

[Event "Plzen, JF C"]
[Site "?"]
[Date "1999.??.??"]
[Round "8.13"]
[White "Zelezny, J."]
[Black "Korenova, M."]
[Result "0-1"]
[WhiteElo "1903"]
[BlackElo "2285"]
[PlyCount "90"]
[EventDate "1999.??.??"]
[Source "ChessBase"]
[SourceDate "1996.11.15"]

1. e4 e5 2. Nc3 Nf6 3. Bc4 Bc5 4. d3 d6 5. Na4 Bg4 6. Ne2 Nc6 7. Nxc5 dxc5 8.
h3 Bh5 9. Bb5 Qd6 10. Bg5 O-O-O 11. Bxc6 Qxc6 12. Bxf6 Qxf6 13. b3 Qe7 14. Qd2
f6 15. Ng3 Bg6 16. O-O h5 17. Qa5 Kb8 18. f4 h4 19. Ne2 Bh5 20. Qe1 g5 21. fxg5
fxg5 22. Nc3 c6 23. Nd1 g4 24. Ne3 gxh3 25. Nf5 Qg5 26. g3 Rdg8 27. Kh2 Bg6 28.
Ne3 hxg3+ 29. Qxg3 Qxg3+ 30. Kxg3 Bxe4+ 31. Kh2 Rg2+ 32. Kh1 Re2+ 33. dxe4 Rxe3
34. Rae1 Rxe1 35. Rxe1 Rf8 36. Re2 Rf3 37. Kg1 Kc7 38. Rf2 Re3 39. Rh2 Kb6 40.
Kf2 Rc3 41. Ke1 Ka5 42. Kd2 Rg3 43. Kc1 c4 44. Kb2 c3+ 45. Ka3 c5 0-1

[Event "Plzen, JF C"]
[Site "?"]
[Date "1999.??.??"]
[Round "8.14"]
[White "Novak, P."]
[Black "Dolezal, R sr"]
[Result "1-0"]
[WhiteElo "2274"]
[BlackElo "2035"]
[PlyCount "33"]
[EventDate "1999.??.??"]
[Source "ChessBase"]
[SourceDate "1996.11.15"]

1. e4 c6 2. d4 d5 3. exd5 cxd5 4. c4 Nf6 5. Nc3 e6 6. Nf3 b6 7. cxd5 Nxd5 8.
Ne5 Nxc3 9. bxc3 Bd6 10. Nxf7 Kxf7 11. Qf3+ Kg8 12. Qxa8 Qc7 13. Qf3 Bb7 14.
Qh3 Bd5 15. Bd2 Nd7 16. c4 Bxc4 17. Rc1 1-0

[Event "Plzen, JF C"]
[Site "?"]
[Date "1999.??.??"]
[Round "8.15"]
[White "Novotny, J."]
[Black "Ungr, D."]
[Result "0-1"]
[WhiteElo "2178"]
[BlackElo "2008"]
[PlyCount "88"]
[EventDate "1999.??.??"]
[Source "ChessBase"]
[SourceDate "1996.11.15"]

1. e3 Nf6 2. d3 g6 3. Ne2 Bg7 4. Nd2 d5 5. g3 c5 6. Bg2 Nc6 7. c3 e5 8. b3 Bf5
9. e4 dxe4 10. dxe4 Be6 11. Qc2 O-O 12. O-O b5 13. Rd1 Qb6 14. Nf1 Rad8 15. Bg5
b4 16. Bxf6 Bxf6 17. Ne3 bxc3 18. Nxc3 Nd4 19. Qb1 Qb7 20. Ned5 Bg7 21. Qd3 Qd7
22. Rac1 f5 23. f3 Bh6 24. Rb1 Rf7 25. b4 fxe4 26. fxe4 c4 27. Qxc4 Rdf8 28.
Rf1 Nf3+ 29. Bxf3 Rxf3 30. Rxf3 Rxf3 31. Rf1 Be3+ 32. Kh1 Qf7 33. Rd1 Bd4 34.
Nb5 Rc3 35. Qe2 Rf3 36. Nxd4 exd4 37. Qb5 d3 38. Qb8+ Kg7 39. Qe5+ Kg8 40. Nf4
Bg4 41. Rd2 Bh3 42. Nxh3 Rf1+ 43. Ng1 Qf3+ 44. Rg2 Rxg1+ 0-1

[Event "Plzen, JF C"]
[Site "?"]
[Date "1999.??.??"]
[Round "8.16"]
[White "Hallerova, E."]
[Black "Nosek, F."]
[Result "1-0"]
[WhiteElo "2152"]
[BlackElo "1909"]
[PlyCount "63"]
[EventDate "1999.??.??"]
[Source "ChessBase"]
[SourceDate "1996.11.15"]

1. d4 e6 2. c4 c6 3. e4 d5 4. Nc3 dxc4 5. Bxc4 Nf6 6. f3 Bb4 7. Nge2 O-O 8. a3
Be7 9. Be3 Nbd7 10. O-O e5 11. Bb3 exd4 12. Bxd4 Bc5 13. e5 Bxd4+ 14. Qxd4 c5
15. Qd6 Ne8 16. Qd2 Nc7 17. Rad1 Qe7 18. f4 Nb6 19. Ne4 Be6 20. Bxe6 Nxe6 21.
Nd6 Nc8 22. Qe3 b6 23. f5 Nxd6 24. Rxd6 Qg5 25. Qe4 Nc7 26. Rf3 Rad8 27. Rg3
Qh5 28. Nf4 Qh4 29. Rxg7+ Kxg7 30. Ne6+ fxe6 31. Qxh4 Rxd6 32. exd6 1-0

[Event "Plzen, JF C"]
[Site "?"]
[Date "1999.??.??"]
[Round "8.17"]
[White "Stehlik, J."]
[Black "Satransky, J."]
[Result "0-1"]
[WhiteElo "2125"]
[BlackElo "2182"]
[PlyCount "80"]
[EventDate "1999.??.??"]
[Source "ChessBase"]
[SourceDate "1996.11.15"]

1. Nf3 b6 2. g3 Bb7 3. d4 e6 4. Bg2 Nf6 5. O-O c5 6. c4 Na6 7. Nc3 cxd4 8. Qxd4
Bc5 9. Qf4 O-O 10. b3 Qe7 11. Bb2 d6 12. Qd2 Rfd8 13. Rad1 Rac8 14. Qg5 h6 15.
Qh4 Nc7 16. e4 e5 17. Ne1 Kh7 18. g4 Ne6 19. Nd3 Bd4 20. Rfe1 Ng5 21. Nd5 Nxd5
22. Qg3 Nc3 23. Bxc3 Bxc3 24. Re2 Bd4 25. Nb4 Ne6 26. Nd5 Qd7 27. h4 Bxd5 28.
exd5 Nf4 29. Be4+ g6 30. Ree1 Bc5 31. h5 Rg8 32. Kh2 Kh8 33. Qh4 Qd8 34. Qxd8
Rcxd8 35. hxg6 fxg6 36. Kg3 Kg7 37. Rb1 Bb4 38. Re3 Bd2 39. Rf3 Ne2+ 40. Kg2
Nc3 0-1

[Event "Plzen, JF C"]
[Site "?"]
[Date "1999.??.??"]
[Round "8.18"]
[White "Palkova, H."]
[Black "Svarc, R."]
[Result "1/2-1/2"]
[WhiteElo "2054"]
[BlackElo "2180"]
[PlyCount "66"]
[EventDate "1999.??.??"]
[Source "ChessBase"]
[SourceDate "1996.11.15"]

1. d4 Nf6 2. c4 c5 3. d5 e6 4. Nc3 exd5 5. cxd5 d6 6. e4 g6 7. f4 Bg7 8. Nf3
O-O 9. Be2 Re8 10. Nd2 Na6 11. O-O Rb8 12. g4 Nc7 13. g5 Nd7 14. h4 b5 15. Bf3
c4 16. Qc2 Na6 17. a3 Nac5 18. Kg2 Nd3 19. Be2 N7c5 20. b4 Nxe4 21. Ndxe4 Rxe4
22. Nxe4 Bxa1 23. Bd2 Bf5 24. Rxa1 Bxe4+ 25. Kg3 Qe7 26. Qc3 Rf8 27. Bxd3 Bxd3
28. Re1 Qd8 29. Bc1 Re8 30. Bb2 f6 31. gxf6 Kf7 32. Ba1 Rxe1 33. Qxe1 Qe8
1/2-1/2

[Event "Plzen, JF C"]
[Site "?"]
[Date "1999.??.??"]
[Round "8.20"]
[White "Muller, O."]
[Black "Sladek, J."]
[Result "1-0"]
[WhiteElo "2143"]
[BlackElo "2134"]
[PlyCount "135"]
[EventDate "1999.??.??"]
[Source "ChessBase"]
[SourceDate "1996.11.15"]

1. d4 d6 2. Nf3 Nd7 3. c4 e5 4. Nc3 c6 5. e4 Be7 6. Be2 Ngf6 7. O-O Qc7 8. h3
h6 9. Be3 Nf8 10. Qc2 g5 11. Nh2 Ng6 12. dxe5 dxe5 13. Rfd1 Nf4 14. c5 Be6 15.
b4 a6 16. Rd2 Nxe2+ 17. Rxe2 Nh5 18. Rd1 Nf4 19. Red2 Ng6 20. Na4 O-O 21. Nb6
Rad8 22. Nc4 Bxc4 23. Qxc4 Rxd2 24. Rxd2 Rd8 25. Qc2 Rxd2 26. Qxd2 Qd8 27. Kf1
Qxd2 28. Bxd2 Kg7 29. Ke2 Nf4+ 30. Bxf4 exf4 31. Kd3 Bf6 32. Nf1 a5 33. bxa5
Bd8 34. a6 bxa6 35. Nd2 Kf6 36. Nb3 Ke6 37. f3 Bc7 38. Nd4+ Kd7 39. Nf5 h5 40.
Nd4 Be5 41. Nc2 Bc7 42. Nb4 a5 43. Nc2 Be5 44. Kc4 Kc7 45. Ne1 f6 46. Nd3 Ba1
47. Nc1 Bb2 48. Nb3 a4 49. Nd2 Bc1 50. Nb1 Kd7 51. Kb4 Be3 52. Kxa4 Bxc5 53.
Kb3 Kc7 54. Kc4 Kb6 55. Nc3 Be3 56. Na4+ Kc7 57. Nc5 Kd6 58. Nd3 Bb6 59. Nc1 f5
60. exf5 Ke5 61. Nb3 Kxf5 62. Nd4+ Kf6 63. Nxc6 g4 64. hxg4 hxg4 65. Kd5 gxf3
66. gxf3 Kf7 67. a4 Ke8 68. a5 1-0

[Event "Plzen, JF C"]
[Site "?"]
[Date "1999.??.??"]
[Round "8.21"]
[White "Falout, L."]
[Black "Cervinka, M."]
[Result "1-0"]
[WhiteElo "2129"]
[BlackElo "2044"]
[PlyCount "57"]
[EventDate "1999.??.??"]
[Source "ChessBase"]
[SourceDate "1996.11.15"]

1. e4 c6 2. d4 d5 3. exd5 cxd5 4. c4 Nf6 5. Nc3 e6 6. Nf3 Bb4 7. Bg5 Qa5 8. Bd2
dxc4 9. Bxc4 Qc7 10. Bd3 O-O 11. O-O Nc6 12. Rc1 Qd8 13. Bg5 Be7 14. Bb1 Qb6
15. d5 Rd8 16. Bxf6 Bxf6 17. Qc2 exd5 18. Qxh7+ Kf8 19. Rfe1 Be6 20. Rcd1 Ne7
21. Qh8+ Ng8 22. Bh7 Ke7 23. Bxg8 d4 24. Qh5 Kf8 25. Ne4 Kxg8 26. Nfg5 Bxg5 27.
Nxg5 g6 28. Qh7+ Kf8 {#} 29. Rxe6 1-0

[Event "Plzen, JF C"]
[Site "?"]
[Date "1999.??.??"]
[Round "8.22"]
[White "Snaidr, J."]
[Black "Cernik, L."]
[Result "1-0"]
[WhiteElo "2022"]
[BlackElo "1903"]
[PlyCount "45"]
[EventDate "1999.??.??"]
[Source "ChessBase"]
[SourceDate "1996.11.15"]

1. d4 Nf6 2. c4 g6 3. Nc3 Bg7 4. e4 d6 5. Be2 O-O 6. Nf3 e5 7. Be3 Nc6 8. h3
exd4 9. Nxd4 Nxd4 10. Bxd4 c6 11. O-O Be6 12. Qd3 Qc7 13. Rad1 Rfe8 14. f4 d5
15. cxd5 cxd5 16. e5 Ne4 17. Nxe4 dxe4 18. Qxe4 Bxa2 19. Ra1 Be6 20. Rfc1 Qd7
21. Bxa7 Bd5 22. Qd4 Qe6 23. Bg4 1-0

[Event "Plzen, JF C"]
[Site "?"]
[Date "1999.??.??"]
[Round "8.23"]
[White "Koutecky, V."]
[Black "Vladyka, V."]
[Result "1/2-1/2"]
[WhiteElo "1962"]
[BlackElo "2082"]
[PlyCount "75"]
[EventDate "1999.??.??"]
[Source "ChessBase"]
[SourceDate "1996.11.15"]

1. e4 c5 2. Nf3 e6 3. d3 a6 4. g3 Nc6 5. Bg2 g6 6. O-O Bg7 7. Nc3 Nge7 8. Be3
b6 9. Qd2 O-O 10. Bh6 Bb7 11. Bxg7 Kxg7 12. Nh4 Qc7 13. f4 f5 14. e5 Nd4 15.
Nf3 Nxf3+ 16. Bxf3 Bxf3 17. Rxf3 Qc6 18. Qg2 b5 19. Rf2 Qxg2+ 20. Kxg2 Nc6 21.
Rd2 Nd4 22. Kf2 h6 23. Ne2 Nxe2 24. Kxe2 d6 25. exd6 Rfd8 26. d4 c4 27. c3 Rxd6
28. Re1 Kf6 29. Kf3 g5 30. Rde2 g4+ 31. Kf2 h5 32. Re5 Rh8 33. h4 gxh3 34. Rh1
h4 35. Rxh3 hxg3+ 36. Kxg3 Rdd8 37. Rxh8 Rxh8 38. Re1 1/2-1/2

[Event "Plzen, JF C"]
[Site "?"]
[Date "1999.??.??"]
[Round "8.24"]
[White "Kovarik, J."]
[Black "Jenc, M."]
[Result "1-0"]
[WhiteElo "1851"]
[BlackElo "1871"]
[PlyCount "113"]
[EventDate "1999.??.??"]
[Source "ChessBase"]
[SourceDate "1996.11.15"]

1. Nf3 Nf6 2. c4 g6 3. g3 Bg7 4. Bg2 O-O 5. Nc3 d5 6. cxd5 Nxd5 7. O-O Nc6 8.
Qb3 Nb6 9. a3 Be6 10. Qc2 Rb8 11. b4 Nd4 12. Nxd4 Bxd4 13. Bb2 Nc4 14. Bc1 Bg7
15. d3 Nb6 16. Bf4 Nd5 17. Nxd5 Bxa1 18. Nxc7 Bg7 19. Nxe6 Rc8 20. Nxd8 Rxc2
21. Nxb7 Rxe2 22. Be3 Ra2 23. Bxa7 Rxa3 24. Bc5 Rxd3 25. Bxe7 Re8 26. Bc5 Bf8
27. Bc6 Rc8 28. b5 Bxc5 29. Nxc5 Rc3 30. Ne4 Rb3 31. Rd1 Rc7 32. Rd7 Rxd7 33.
Bxd7 Kf8 34. h4 Ke7 35. Bc6 h6 36. Kg2 f6 37. g4 f5 38. gxf5 gxf5 39. Nd2 Rb4
40. Kg3 Rg4+ 41. Kh3 Rb4 42. Nf1 Rb2 43. f3 f4 44. h5 Kf6 45. Nh2 Kg5 46. Be8
Rb3 47. Kg2 Rb2+ 48. Kg1 Rb1+ 49. Nf1 Rb2 50. Nh2 Rb1+ 51. Kg2 Rb2+ 52. Kh3 Rb3
53. Bc6 Kxh5 54. Ng4 Kg5 55. Ne5 Rb2 56. Nd7 Rc2 57. b6 1-0

[Event "Plzen, JF C"]
[Site "?"]
[Date "1999.??.??"]
[Round "8.25"]
[White "Vojir, V sr"]
[Black "Hercik, J."]
[Result "0-1"]
[WhiteElo "1756"]
[BlackElo "1922"]
[PlyCount "124"]
[EventDate "1999.??.??"]
[Source "ChessBase"]
[SourceDate "1996.11.15"]

1. d4 Nf6 2. c4 e5 3. dxe5 Ng4 4. Nf3 Nc6 5. e3 Ngxe5 6. Nc3 Bb4 7. Bd2 O-O 8.
Be2 Re8 9. O-O a6 10. a3 Bf8 11. Nd5 d6 12. Qc2 g6 13. h3 b6 14. Bc3 Ra7 15.
Rad1 Bg7 16. b3 Bd7 17. Qb2 Bf5 18. Nh2 f6 19. Rd2 Nb8 20. Rfd1 Nbd7 21. b4 g5
22. f3 Be6 23. e4 Ng6 24. Bf1 Rf8 25. Bd4 Qe8 26. Ng4 Bxg4 27. hxg4 Rb7 28. Bd3
Rf7 29. Bc2 Nde5 30. Bb3 c5 31. Bc3 Bf8 32. Ne3 Nh4 33. Kf2 Kh8 34. Rd5 Rfd7
35. R1d2 h5 36. Qa2 hxg4 37. fxg4 Qe6 38. Bd1 Nhg6 39. g3 Ne7 40. Nf5 Nxd5 41.
exd5 Qe8 42. Re2 Nxg4+ 43. Ke1 Ne5 44. Kd2 Qg6 45. Bc2 Qh5 46. Bd1 Qh3 47. Rf2
Rh7 48. Bc2 g4 49. Kc1 Qh1+ 50. Kb2 Qg1 51. Rd2 Rh2 52. Rxh2+ Qxh2 53. Qb1
Nxc4+ 54. Kb3 Ne5 55. Qf1 c4+ 56. Kb2 Rf7 57. Kb1 b5 58. Be1 Nf3 59. Kc1 Bh6+
60. Nxh6 Qxh6+ 61. Kb2 Qh2 62. Bf2 Re7 0-1

[Event "Plzen, JF C"]
[Site "?"]
[Date "1999.??.??"]
[Round "8.26"]
[White "Kalista, K."]
[Black "Vojir, V jr"]
[Result "1-0"]
[WhiteElo "1881"]
[BlackElo "1768"]
[PlyCount "111"]
[EventDate "1999.??.??"]
[Source "ChessBase"]
[SourceDate "1996.11.15"]

1. d4 Nf6 2. c4 g6 3. Nc3 Bg7 4. e4 d6 5. Bg5 b6 6. Be2 Bb7 7. d5 Nbd7 8. Nf3
c5 9. h3 h6 10. Bf4 Nh7 11. Qd2 g5 12. Bg3 f6 13. O-O O-O 14. Nh2 Ne5 15. f4
Nf7 16. Rab1 Bc8 17. b4 cxb4 18. Rxb4 Bd7 19. Nb5 Qc8 20. Nd4 Nd8 21. Rbb1 Nb7
22. Nhf3 Nc5 23. Bd3 Qe8 24. Nf5 Kh8 25. Rbe1 Rg8 26. e5 fxe5 27. fxe5 Nxd3 28.
Nxg7 Rxg7 29. Qxd3 Qc8 30. exd6 Qc5+ 31. Qd4 Qxd4+ 32. Nxd4 exd6 33. Bxd6 Kg8
34. Ne6 Rf7 35. Rxf7 Kxf7 36. Nxg5+ Nxg5 37. Re7+ Kf6 38. Rxd7 Kf5 39. Re7 Rc8
40. Bc7 h5 41. d6 Ne6 42. g3 Rg8 43. Kf2 Kf6 44. a4 Rg5 45. Bb8 Rc5 46. Rxa7
Rxc4 47. d7 Rc2+ 48. Ke3 Rc4 49. Bc7 Rc3+ 50. Kd2 Rc6 51. Rb7 Ke7 52. Bxb6 Rd6+
53. Ke3 Kf6 54. a5 Rd1 55. a6 Rg1 56. Kf2 1-0

[Event "Plzen, JF C"]
[Site "?"]
[Date "1999.??.??"]
[Round "8.27"]
[White "Korinek, B."]
[Black "Foglar, S."]
[Result "1-0"]
[WhiteElo "1895"]
[BlackElo "2026"]
[PlyCount "97"]
[EventDate "1999.??.??"]
[Source "ChessBase"]
[SourceDate "1996.11.15"]

1. d4 Nf6 2. Nf3 c5 3. e3 e6 4. c3 d5 5. Bd3 Qc7 6. Nbd2 Nbd7 7. O-O Bd6 8. h3
b6 9. e4 dxe4 10. Nxe4 Bb7 11. Nxd6+ Qxd6 12. Be3 O-O 13. dxc5 Qc6 14. cxb6 Ne5
15. Be2 axb6 16. Qd4 Ra5 17. Qxb6 Nxf3+ 18. Bxf3 Qxb6 19. Bxb6 Rb5 20. Bd4 e5
21. a4 Rxb2 22. Bxe5 Bxf3 23. gxf3 Nd7 24. Bd4 f6 25. a5 Ne5 26. Kg2 Nc6 27. a6
Nxd4 28. cxd4 Ra8 29. Ra4 Kf7 30. Rc1 Rb6 31. Rc7+ Kg6 32. a7 Rd6 33. Kg3 Kh6
34. Rb4 g5 35. f4 Kg6 36. fxg5 fxg5 37. Rb8 Rd8 38. Rxa8 Rxa8 39. Kf3 h5 40.
Ke4 Kf6 41. d5 h4 42. f3 Re8+ 43. Kd4 Kf5 44. Rf7+ Kg6 45. Rb7 Ra8 46. Ke5 Re8+
47. Kd6 Rf8 48. Rb8 Rf6+ 49. Ke5 1-0

[Event "Plzen, JF C"]
[Site "?"]
[Date "1999.??.??"]
[Round "9.1"]
[White "Polak, T."]
[Black "Volosin, L."]
[Result "1/2-1/2"]
[WhiteElo "2488"]
[BlackElo "2423"]
[PlyCount "24"]
[EventDate "1999.??.??"]
[Source "ChessBase"]
[SourceDate "1996.11.15"]

1. d4 d5 2. c4 e6 3. Nf3 Nf6 4. Nc3 Be7 5. cxd5 exd5 6. Bf4 c6 7. e3 O-O 8. Bd3
Bd6 9. Bxd6 Qxd6 10. h3 Nbd7 11. Qc2 Re8 12. O-O Nf8 1/2-1/2

[Event "Plzen, JF C"]
[Site "?"]
[Date "1999.??.??"]
[Round "9.2"]
[White "Lechtynsky, J."]
[Black "Konopka, M."]
[Result "1/2-1/2"]
[WhiteElo "2365"]
[BlackElo "2484"]
[PlyCount "50"]
[EventDate "1999.??.??"]
[Source "ChessBase"]
[SourceDate "1996.11.15"]

1. Nf3 g6 2. e4 Nf6 3. Nc3 d6 4. d4 Bg7 5. Be2 O-O 6. O-O c6 7. Bf4 Nbd7 8. Qd2
Qc7 9. e5 Nh5 10. exd6 exd6 11. Bh6 d5 12. Rfe1 f6 13. Bxg7 Nxg7 14. Bd3 Nb6
15. Nh4 g5 16. Nf3 Bf5 17. Bxf5 Nxf5 18. Qd3 Qd7 19. b3 Rae8 20. h3 Nd6 21. a4
Rxe1+ 22. Rxe1 Re8 23. Re2 Rxe2 24. Qxe2 Qe8 25. Qxe8+ Nxe8 1/2-1/2

[Event "Plzen, JF C"]
[Site "?"]
[Date "1999.??.??"]
[Round "9.3"]
[White "Dolezal, R jr"]
[Black "Civin, T."]
[Result "1-0"]
[WhiteElo "2285"]
[BlackElo "2278"]
[PlyCount "41"]
[EventDate "1999.??.??"]
[Source "ChessBase"]
[SourceDate "1996.11.15"]

1. e4 c5 2. c3 d5 3. exd5 Nf6 4. d4 cxd4 5. Bb5+ Bd7 6. Bc4 b5 7. Bb3 dxc3 8.
Nxc3 a5 9. Qe2 a4 10. Bc2 Na6 11. Bg5 Qa5 12. Bxf6 gxf6 13. a3 Rc8 14. Nf3 Rxc3
15. Qd2 b4 16. bxc3 bxc3 17. Qe3 Nc5 18. Rb1 e6 19. Qf4 f5 20. Rb8+ Ke7 21. d6+
1-0

[Event "Plzen, JF C"]
[Site "?"]
[Date "1999.??.??"]
[Round "9.4"]
[White "Spal, M."]
[Black "Michalek, J."]
[Result "0-1"]
[WhiteElo "2175"]
[BlackElo "2330"]
[PlyCount "68"]
[EventDate "1999.??.??"]
[Source "ChessBase"]
[SourceDate "1996.11.15"]

1. e4 e6 2. Qe2 c5 3. g3 Nc6 4. Nf3 Nge7 5. Bg2 d5 6. d3 g6 7. h4 h6 8. O-O Bg7
9. Re1 b6 10. Nbd2 a5 11. Nf1 Ra7 12. e5 a4 13. a3 Ba6 14. Bf4 Qc7 15. N1h2 d4
16. Nd2 g5 17. hxg5 hxg5 18. Bxg5 Nxe5 19. Ng4 Nxg4 20. Qxg4 Kf8 21. Nc4 Ng6
22. f4 Bb7 23. f5 exf5 24. Qe2 Ra8 25. Nd6 Qxd6 26. Bxb7 Qxg3+ 27. Qg2 Qxg2+
28. Bxg2 Rb8 29. Rf1 f4 30. Bxf4 Nxf4 31. Rxf4 Bh6 32. Rf5 Be3+ 33. Kf1 Ke7 34.
b3 Rbg8 0-1

[Event "Plzen, JF C"]
[Site "?"]
[Date "1999.??.??"]
[Round "9.5"]
[White "Eretova, J."]
[Black "Gross, S."]
[Result "0-1"]
[WhiteElo "2177"]
[BlackElo "2371"]
[PlyCount "82"]
[EventDate "1999.??.??"]
[Source "ChessBase"]
[SourceDate "1996.11.15"]

1. e4 c5 2. Nc3 Nc6 3. g3 e6 4. Bg2 Nf6 5. d3 Be7 6. f4 d5 7. e5 Nd7 8. Nf3 b5
9. Qe2 b4 10. Nd1 Qc7 11. O-O O-O 12. Re1 Nb6 13. g4 f6 14. c3 fxe5 15. fxe5
Ba6 16. Nf2 Rab8 17. Qc2 Rf7 18. Nh3 Rbf8 19. Qe2 bxc3 20. bxc3 Na4 21. Nfg5
Bxg5 22. Nxg5 Rf2 23. Qe3 Qe7 24. Bd2 Nb2 25. c4 Rxg2+ 26. Kxg2 dxc4 27. Qe4 g6
28. Rf1 Rxf1 29. Rxf1 Bb7 30. Kh3 Nd8 31. Qe3 cxd3 32. Ba5 Nc4 33. Qxd3 Nxa5
34. Ne4 Bxe4 35. Qxe4 Nac6 36. Rc1 Kg7 37. Qe3 Nd4 38. Qa3 Nf7 39. Kg2 Qb7+ 40.
Kf1 Qh1+ 41. Kf2 Qxh2+ 0-1

[Event "Plzen, JF C"]
[Site "?"]
[Date "1999.??.??"]
[Round "9.6"]
[White "Cech, P."]
[Black "Novacek, K."]
[Result "1-0"]
[WhiteElo "2356"]
[BlackElo "2102"]
[PlyCount "51"]
[EventDate "1999.??.??"]
[Source "ChessBase"]
[SourceDate "1996.11.15"]

1. d4 g6 2. c4 Bg7 3. Nc3 f5 4. e4 d6 5. exf5 Bxf5 6. Nge2 Nf6 7. Ng3 Bg4 8.
Be2 Bxe2 9. Qxe2 Nc6 10. Be3 O-O 11. Rd1 e5 12. dxe5 Nxe5 13. h3 Qe7 14. O-O
Rae8 15. b3 h5 16. Qc2 h4 17. Nge2 Nh5 18. Qe4 c6 19. Bd4 g5 20. Be3 Qd8 21.
Kh1 Qf6 22. Qd4 Rd8 23. Ne4 Qg6 24. Nxg5 Nf3 25. Qe4 Qxg5 26. gxf3 1-0